Every Yoasobi Anime - Statistics

General Stats
  • This quiz has been taken 100 times
    22 since last reset
  • The average score is 3 of 8
Answer Stats
Anime % Correct
Oshi no Ko
94%
Frieren: Beyond Journey’s End
89%
Beastars
56%
Mobile Suit Gundam: The Witch From Mercury
39%
Witch Watch
39%
Monogatari: Off & Monster Season
17%
Fureru.
6%
Hana-Kimi
6%
No matching quizzes found
Score Distribution
Percent of People with Each Score
Percentile by Number Answered
Your Score History
You have not taken this quiz since the last reset